|
|
|
|
| LEADER |
00749nam#a2200241#a#4500 |
| 001 |
009517 |
| 005 |
20160721145145.0 |
| 008 |
030626s1970####ag##################spa#d |
| 040 |
|
|
|a AR-beUNQ
|
| 099 |
|
|
|a 16-P13
|
| 100 |
1 |
|
|a Predõhl, Andreas
|
| 245 |
0 |
3 |
|a El fin de la crisis económica mundial : una introducción a los problemas de la economía mundial
|c Andreas Predõhl.
|
| 260 |
|
|
|a Buenos Aires :
|b EUDEBA,
|c 1970
|
| 300 |
|
|
|a 250 p
|
| 490 |
0 |
|
|a Ensayos
|
| 648 |
|
4 |
|a 1929-
|
| 650 |
|
7 |
|a CRISIS ECONOMICA
|2 Spines
|
| 650 |
|
7 |
|a DESARROLLO INTERNACIONAL
|2 Spines
|
| 650 |
|
7 |
|a ECONOMIA INTERNACIONAL
|
| 650 |
|
7 |
|a HISTORIA ECONOMICA
|
| 929 |
|
|
|a COMPRA
|b Felipe Orlando
|d 15,00E
|e 20030624
|f patrimonio
|j 34059
|
| 942 |
|
|
|c LIB
|n 0
|
| 999 |
|
|
|c 11964
|d 87351
|